[Event "Santiago-ch sf"]
[Site "Santiago de Chile"]
[Date "2012.01.27"]
[Round "8.1"]
[White "Caceres Salinas, David Alejandro"]
[Black "Henriquez Villagra, Cristobal"]
[Result "0-1"]
[WhiteElo "2093"]
[BlackElo "2317"]
[PlyCount "44"]
[EventDate "2012.01.21"]
[EventType "swiss"]
[EventRounds "9"]
[EventCountry "CHI"]
[SourceTitle "EXT 2024"]
[Source "ChessBase"]
[SourceDate "2023.10.10"]
[SourceVersion "1"]
[SourceVersionDate "2023.10.10"]
[SourceQuality "1"]

1. e4 c5 2. Nf3 d6 3. d4 cxd4 4. Nxd4 Nf6 5. Nc3 a6 6. Be3 e5 7. Nf3 Be7 8. Bc4 0-0 9. 0-0 Nbd7 10. a4 Qc7 11. Qe2 b6 12. Rfd1 Bb7 13. Bg5 Rfc8 14. Bb3 h6 15. Bxf6 Nxf6 16. Nh4 Qd7 17. Rd2 Rxc3 18. bxc3 Nxe4 19. Rd5 Nxc3 20. Qf3 Bxd5 21. Bxd5 Nxd5 22. Nf5 Rd8 0-1

[Event "CHI-ch"]
[Site "Santiago de Chile"]
[Date "2012.??.??"]
[Round "7"]
[White "Lopez Silva, Hugo Andres"]
[Black "Caceres Salinas, David Alejandro"]
[Result "1-0"]
[WhiteElo "2406"]
[BlackElo "2093"]
[PlyCount "42"]
[EventDate "2012.02.18"]
[EventType "tourn"]
[EventRounds "11"]
[EventCountry "CHI"]
[EventCategory "3"]
[SourceTitle "CBM 147 Extra"]
[Source "ChessBase"]
[SourceDate "2012.04.24"]
[SourceVersion "1"]
[SourceVersionDate "2012.04.24"]
[SourceQuality "1"]

1. e4 e5 2. Nf3 Nc6 3. Bc4 Nf6 4. d3 d5 5. exd5 Nxd5 6. 0-0 Be7 7. Re1 f6 8. d4 Nb6 9. Bb5 Bg4 10. c3 0-0 11. h3 Bxf3 12. Qxf3 exd4 13. Nd2 Ne5 14. Qxb7 dxc3 15. bxc3 c6 16. Be2 a5 17. Bd1 Bc5 18. Bb3+ Kh8 19. Ne4 a4 20. Nxc5 axb3 21. Ne6 Qb8 1-0

[Event "CHI-ch"]
[Site "Santiago de Chile"]
[Date "2012.??.??"]
[Round "9"]
[White "Mesias Rojas, Rabindranath"]
[Black "Caceres Salinas, David Alejandro"]
[Result "1-0"]
[WhiteElo "2203"]
[BlackElo "2093"]
[PlyCount "63"]
[EventDate "2012.02.18"]
[EventType "tourn"]
[EventRounds "11"]
[EventCountry "CHI"]
[EventCategory "3"]
[SourceTitle "CBM 147 Extra"]
[Source "ChessBase"]
[SourceDate "2012.04.24"]
[SourceVersion "1"]
[SourceVersionDate "2012.04.24"]
[SourceQuality "1"]

1. f4 d5 2. Nf3 c5 3. g3 Nc6 4. Bg2 Nf6 5. 0-0 e6 6. d3 Bd6 7. Nc3 d4 8. Ne4 0-0 9. Nxd6 Qxd6 10. e4 dxe3 11. Bxe3 Nd5 12. Bf2 Bd7 13. d4 cxd4 14. Nxd4 Rfd8 15. c4 Nf6 16. Nb5 Qb4 17. Qb3 Qe7 18. Rfd1 Ng4 19. Qf3 Nxf2 20. Qxf2 Na5 21. Nxa7 Nxc4 22. b3 Nd6 23. Qb6 Be8 24. a4 Nf5 25. a5 Rd6 26. Rxd6 Qxd6 27. Bxb7 Rb8 28. Qxd6 Nxd6 29. Bc6 Rxb3 30. Rd1 Bxc6 31. Nxc6 Ne8 32. Rd8 1-0

[Event "Santiago Endesa 06"]
[Site "Santiago de Chile"]
[Date "2010.06.09"]
[Round "2"]
[White "Caceres Salinas, David Alejandro"]
[Black "Escudero Donoso, Felipe"]
[Result "1/2-1/2"]
[WhiteElo "1899"]
[BlackElo "2023"]
[PlyCount "89"]
[EventDate "2010.06.07"]
[EventType "tourn"]
[EventRounds "11"]
[EventCountry "CHI"]
[SourceTitle "EXT 2012"]
[Source "ChessBase"]
[SourceDate "2011.11.24"]
[SourceVersion "1"]
[SourceVersionDate "2011.11.24"]
[SourceQuality "1"]

1. e4 c5 2. Nf3 e6 3. d4 cxd4 4. Nxd4 a6 5. Be3 Nf6 6. Nd2 Qc7 7. Bd3 d5 8. c3 Bd6 9. h3 Nbd7 10. exd5 Nxd5 11. Nc4 Nxe3 12. Nxe3 Nf6 13. Qc2 Bd7 14. 0-0 g6 15. Nc4 Bf4 16. Qe2 0-0 17. Rae1 Rad8 18. g3 Bh6 19. Ne5 Bc8 20. h4 Bg7 21. Bc2 b5 22. f4 Bb7 23. Ndf3 Ba8 24. a4 Qb7 25. axb5 axb5 26. Rd1 Nd5 27. Kh2 b4 28. c4 b3 29. Bxg6 hxg6 30. cxd5 Rxd5 31. Rxd5 Qxd5 32. Rd1 Qe4 33. Qxe4 Bxe4 34. Rd7 Rc8 35. Nd4 Rc1 36. g4 Rb1 37. Nxb3 Rxb2+ 38. Nd2 Bd5 39. Rd8+ Kh7 40. Nxf7 Rxd2+ 41. Kg3 Rd3+ 42. Kh2 Rd2+ 43. Kg3 Bf8 44. Ng5+ Kg8 45. Nxe6 1/2-1/2

[Event "Santiago Endesa 02"]
[Site "Santiago de Chile"]
[Date "2010.05.24"]
[Round "9"]
[White "Caceres Salinas, David Alejandro"]
[Black "Von Dessauer Orellana, Daniel J"]
[Result "1-0"]
[WhiteElo "1899"]
[BlackElo "2028"]
[PlyCount "57"]
[EventDate "2010.05.03"]
[EventType "tourn"]
[EventRounds "9"]
[EventCountry "CHI"]
[SourceTitle "EXT 2012"]
[Source "ChessBase"]
[SourceDate "2011.11.24"]
[SourceVersion "1"]
[SourceVersionDate "2011.11.24"]
[SourceQuality "1"]

1. e4 e6 2. d4 d5 3. Nc3 dxe4 4. Nxe4 Bd7 5. Nf3 Bc6 6. Bd3 Nd7 7. c3 Ngf6 8. Qc2 Be7 9. Neg5 h6 10. Ne4 0-0 11. h3 Nxe4 12. Bxe4 Bxe4 13. Qxe4 c6 14. 0-0 Nf6 15. Qe2 c5 16. Be3 cxd4 17. Bxd4 Qc7 18. Rad1 Rfd8 19. Ne5 Bc5 20. Ng4 Bxd4 21. Rxd4 Rxd4 22. Nxf6+ gxf6 23. cxd4 Qf4 24. Rd1 Rd8 25. Rd3 Rxd4 26. Rg3+ Kf8 27. Qb5 Rd1+ 28. Kh2 Qxf2 29. Qb4+ 1-0

[Event "Santiago Endesa 02"]
[Site "Santiago de Chile"]
[Date "2010.05.12"]
[Round "5"]
[White "Caceres Salinas, David Alejandro"]
[Black "Cosoi Scherzer, Alejandro"]
[Result "0-1"]
[WhiteElo "1899"]
[BlackElo "2093"]
[PlyCount "72"]
[EventDate "2010.05.03"]
[EventType "tourn"]
[EventRounds "9"]
[EventCountry "CHI"]
[SourceTitle "EXT 2012"]
[Source "ChessBase"]
[SourceDate "2011.11.24"]
[SourceVersion "1"]
[SourceVersionDate "2011.11.24"]
[SourceQuality "1"]

1. e4 c5 2. Nf3 e6 3. Nc3 a6 4. d4 cxd4 5. Nxd4 Nc6 6. Be3 Nf6 7. Be2 Qc7 8. Nxc6 bxc6 9. 0-0 Bb4 10. a3 Be7 11. Qd2 d5 12. exd5 cxd5 13. Bf4 Bd6 14. Bb5+ Bd7 15. Bxd7+ Qxd7 16. Bxd6 Qxd6 17. Qg5 0-0 18. Rad1 h6 19. Qh4 Rfc8 20. Rd3 Qe5 21. f4 Qf5 22. h3 h5 23. Qe1 Rc4 24. Qd2 Rb8 25. b3 Rc7 26. Ne2 Ne4 27. Qd1 g6 28. Nd4 Qf6 29. f5 exf5 30. Nxf5 gxf5 31. Rxd5 Ng3 32. Rf4 Re8 33. Kh2 Rce7 34. Qd2 h4 35. Rd6 Qa1 36. Rg4+ fxg4 0-1